<?xml version="1.0" encoding="UTF-8"?>
<record
    xmlns:xsi="http://www.w3.org/2001/XMLSchema-instance"
    xsi:schemaLocation="http://www.loc.gov/MARC21/slim http://www.loc.gov/standards/marcxml/schema/MARC21slim.xsd"
    xmlns="http://www.loc.gov/MARC21/slim">

  <leader>01522    a2200289   4500</leader>
  <controlfield tag="001">60616</controlfield>
  <controlfield tag="005">20260407155857.0</controlfield>
  <controlfield tag="008">260407a2012    arg                 spa d</controlfield>
  <controlfield tag="003">AR-UNSa-BCEJYS</controlfield>
  <datafield tag="040" ind1=" " ind2=" ">
    <subfield code="a">AR-UNSa-BCEJYS</subfield>
    <subfield code="b">spa</subfield>
    <subfield code="c">AR-UNSa-BCEJYS</subfield>
  </datafield>
  <datafield tag="080" ind1=" " ind2=" ">
    <subfield code="a">336.74</subfield>
    <subfield code="x">Moneda. Sistema monetario</subfield>
  </datafield>
  <datafield tag="245" ind1="1" ind2="0">
    <subfield code="a">Moneda social y mercados solidarios II</subfield>
    <subfield code="p">La moneda social como lazo social</subfield>
  </datafield>
  <datafield tag="020" ind1=" " ind2=" ">
    <subfield code="a">978-987-1599-90-5</subfield>
  </datafield>
  <datafield tag="264" ind1=" " ind2="1">
    <subfield code="a">Buenos Aires :</subfield>
    <subfield code="b">Ediciones CICCUS</subfield>
    <subfield code="c">2012</subfield>
  </datafield>
  <datafield tag="300" ind1=" " ind2=" ">
    <subfield code="a">318 p.</subfield>
    <subfield code="c">22 cm.</subfield>
  </datafield>
  <datafield tag="505" ind1=" " ind2=" ">
    <subfield code="a">Secci&#xF3;n I: Los debates actuales sobre moneda y moneda social. Su vinculaci&#xF3;n con las experiencias estudiadas - 1. Las monedas sociales y el debate sobre el origen del dinero - 2. La moneda social como instituci&#xF3;n necesaria en la transici&#xF3;n hacia &#x201C;otra econom&#xED;a&#x201D; &#x2013; 3. La formaci&#xF3;n de precios en las Redes de Trueque &#x2013; 4. &#xBF;Monedas para el cambio social? Algunas reflexione acerca del trueque argentino &#x2013; Secci&#xF3;n II: 1. La experiencia de la cooperativa y Banco de Horas de Trabajo Olga Cossettini, Capilla delo Monte de C&#xF3;rdoba &#x2013; 2. La experiencia de la Econom&#xED;a Naturalista de Venado Tuerto &#x2013; 3. La experiencia de General Rodr&#xED;guez - 4. La experiencia del trueque ancestral de Iruya.</subfield>
  </datafield>
  <datafield tag="041" ind1=" " ind2=" ">
    <subfield code="a">spa</subfield>
  </datafield>
  <datafield tag="942" ind1=" " ind2=" ">
    <subfield code="c">BK</subfield>
  </datafield>
  <datafield tag="590" ind1=" " ind2=" ">
    <subfield code="a">niveau_biblio:m niveau_hierar:0</subfield>
  </datafield>
  <datafield tag="100" ind1="1" ind2=" ">
    <subfield code="a">Orzi, Ricardo</subfield>
  </datafield>
  <datafield tag="700" ind1="1" ind2=" ">
    <subfield code="a">Borrello, Ricardo</subfield>
  </datafield>
  <datafield tag="700" ind1="1" ind2=" ">
    <subfield code="a">Costa, Carla</subfield>
  </datafield>
  <datafield tag="700" ind1="1" ind2=" ">
    <subfield code="a">G&#xF3;mez, Georgina</subfield>
  </datafield>
  <datafield tag="700" ind1="1" ind2=" ">
    <subfield code="a">Herrera, Rosa</subfield>
  </datafield>
  <datafield tag="700" ind1="1" ind2=" ">
    <subfield code="a">Plasencia, Adela</subfield>
  </datafield>
  <datafield tag="700" ind1="1" ind2=" ">
    <subfield code="a">Saiag, Hadrien</subfield>
  </datafield>
  <datafield tag="999" ind1=" " ind2=" ">
    <subfield code="c">7072</subfield>
    <subfield code="d">7072</subfield>
  </datafield>
  <datafield tag="952" ind1=" " ind2=" ">
    <subfield code="0">0</subfield>
    <subfield code="1">0</subfield>
    <subfield code="4">0</subfield>
    <subfield code="7">0</subfield>
    <subfield code="a">BCEJYS</subfield>
    <subfield code="b">BCEJYS</subfield>
    <subfield code="c">16</subfield>
    <subfield code="d">2026-04-07</subfield>
    <subfield code="l">0</subfield>
    <subfield code="o">336.74 O63</subfield>
    <subfield code="p">L129263</subfield>
    <subfield code="r">2026-04-07 15:58:57</subfield>
    <subfield code="w">2026-04-07</subfield>
    <subfield code="y">L</subfield>
    <subfield code="z">CANTO SUPERIOR MANCHADO CON ROJO - PRIMERAS P&#xC1;GINAS DOBLADAS EN ESQUINA SUPERIOR</subfield>
  </datafield>
</record>
